00977nam a2200301 4500003000400000005001700004008004100021020001800062040001800080041000800098050002100106100002700127245008200154246005500236264002700291300006300318336002200381337002400403338002400427650002900451650003200480650003200512650003100544650003400575700003700609942001200646999001700658OSt20260530113845.0260421b2010 gw a|||| |||| 00| 0 spa d a9783836520942 aICIbspacICI aeng aNK1520bD57 20101 aReis, Dalcacio,93069610aProduct Design in the sustainable eracDalcacio Reis ; ed., Julius Wiedemann.14aDiseño industrial en la era de la sostenibilidad 1bTASCHENc2010aKöln  a439 páginasbilustraciones, fotografías color c26 cm. atexto2rdacontent asin medio2rdamedia avolumen2rdacarrier aIndustrial design930697 aDiseño industrial 915218 aDiseño sustentable930698 aCommercial products930699 aProductos comerciales 930700 1aWiedemann, Juliuseeditor930701 2ddccBK c11278d11278